Statistiques concernant Quiz Harry Potter

Cliquez ici pour prendre le quiz!

Statistiques générales

  • Ce quiz a été pris 7 307 fois
  • Le résultat moyen est 37 sur 61

Statistiques - réponses

Réponses% Correct
Harry Potter
99%
Ron
99%
Hermione Granger
96%
Ron Weasley
93%
Ginny
88%
George
88%
Fred
88%
Serpentard
86%
Serdaigle
86%
Arthur
85%
Molly
85%
Bill
83%
Percy
82%
Attrapeur
81%
Charlie
80%
Avada Kedavra
80%
Gryffondor
80%
Poufsouffle
80%
Vif d'Or
77%
Doloris
77%
Gardien
73%
Nagini
72%
Imperium
70%
Nick Quasi-Sans-Tête
69%
Batteur
69%
Harry Potter à l'école des sorciers
66%
Le Baron Sanglant
65%
Cognard
64%
Harry Potter et la chambre des secrets
63%
Albus Dumbledore
61%
Poursuiveur
61%
Harry Potter et la coupe de feu
60%
Souafle
55%
Harry Potter et le prince de sang-mêlé
54%
Severus Rogue
54%
Harry Potter et les reliques de la mort
54%
Harry Potter et le prisonnier d'Azkaban
53%
La Dame Grise
52%
Potions
51%
Harry Potter et l'ordre du phénix
50%
Le Moine Gras
47%
Métamorphose
43%
Défense contre les forces du mal
42%
Minerva McGonagall
42%
Vol
42%
Sortilèges
40%
Divination
39%
Dolores Ombrage
37%
Botanique
35%
Le diadème de Rowena Serdaigle
34%
Etude des moldus
28%
Le médaillon de Salazar Serpentard
28%
Histoire de la magie
26%
La coupe de Helga Poufsouffle
26%
Soins aux créatures magiques
26%
Astronomie
25%
Arithmancie
23%
Le journal intime de Tom Jedusor
22%
Etude des runes
22%
La bague de Marvolo Gaunt
9%

Distribution des résultats

Percentile par nombre de réponses

% des personnes avec chaque résultat

Votre développement - résultats

Vous n’avez pas pris ce quiz